LEADER 00998nam a2200277 i 4500 001 000000152370 003 CaOOAMICUS 005 20060804000000.0 008 060804s1986 it u000 u ita u 013 $a129711 020 $a88-215-1095-6 040 $aSeMil$bita 100 1 $aPomilio, Mario,$d<1921-1990>.$0(OLS)http://semarc/name/4097 245 13$aIl quinto evangelista /$cMario Pomilio. 260 $aTorino :$bPaoline,$ccopyr. 1986. 300 $a109 p. ;$c20 cm. 490 0 $aFrammenti di vita ;$v6 500 $aFondo Ciprandi. 830 0$aFrammenti di vita ;$v6.$0(OLS)http://semarc/title/10222 850 $aSeMil 852 $aSeMil$W1$xVenegono$y1$m1D III 148$j104329$B104329$CSeMilBibl$Z2$F113386 $81 941 1 $a1 961 $aOmaggio: Ciprandi dott. Paolo 996 $6020$a88-215-1095-6$9(OLS)http://semarc/number/142055 996 $6245$aIl quinto evangelista$9(OLS)http://semarc/title/222783 996 $6260$aTorino :$bPaoline$9(OLS)http://semarc/publisher/31248 LEADER 01078nam a2200253 4500 001 000000360870 003 CaOOAMICUS 005 20241126143406.0 008 241126s2022 it 000 u ita r 020 $a978-88-297-1541-1 040 $aSeMil$bita 245 03$aIl processo di condanna di Giovanna d'Arco /$ca cura di Teresa Cremisi. 264 1$aVenezia :$bMarsilio,$c2022. 300 $a269 p. ;$c18 cm 490 1 $aLetteratura universale Marsilio 650 4$aGiovanna : d'Arco - Processo.$0(OLS)http://semarc/subject/18042 700 1 $aCremisi, Teresa,$d<1945- >.$0(OLS)http://semarc/name/60193 830 0$aLetteratura universale Marsilio.$0(OLS)http://semarc/title/18060 850 $aSeMil 852 $aSeMil$W1$xVenegono$y1$m3T I 2$j252641$B251863$CSeMilBibl$Z2$F251863 $81 996 $6020$a978-88-297-1541-1$9(OLS)http://semarc/number/301879 996 $6245$aIl processo di condanna di Giovanna d'Arco$9(OLS)http://semarc/title/451458 996 $6264$aVenezia :$bMarsilio$9(OLS)http://semarc/publisher/30231